000
00244nam a22001097a 4500
041
_a
ENG
245
_a
Open Source Gis Agass Gis Approch
260
_a
USA
_b
Helena Mitasova
_c
1998
300
_a
390
650
_a
SWCE ( 06 )
856
_u
SWCE ( 06 )
999
_c
2943
_d
2943